000 00518nam a2200181Ia 4500
005 20250326124629.0
008 250326s9999 xx 000 0 und d
037 _aTextbook
040 _aFMSL
_beng
_cFMSL
041 _aeng
_2eng
084 _aX:8.73 K0
_qFMSL
100 _aStanley A O
_9338779
245 0 _aOrganizing for international operations
_cStanley A O
260 _aNY
_bNY, American Management Association
_c1960
300 _a318p
942 _cTB
_hX:8.73 K0
999 _c1274480
_d1274480